ՀՀ Գիտությունների ազգային ակադեմիայի հիմնարար գիտական գրադարան  =   Fundamental Scientific Library of NAS RA

Возделывание гороха в Кабардино-Балкарии / (Record no. 211869)

MARC details
000 -LEADER
fixed length control field 00763nam a2200205 u 4500
001 - CONTROL NUMBER
control field 000550949
003 - CONTROL NUMBER IDENTIFIER
control field AM-YeHGA
005 - DATE AND TIME OF LATEST TRANSACTION
control field 20250617140026.0
008 - FIXED-LENGTH DATA ELEMENTS--GENERAL INFORMATION
fixed length control field 070920s1975 ||| r 000 0 rus d
040 ## - CATALOGING SOURCE
Original cataloging agency AM-YeHGA
041 0# - LANGUAGE CODE
Language code of text/sound track or separate title rus
090 ## - LOCALLY ASSIGNED LC-TYPE CALL NUMBER (OCLC); LOCAL CALL NUMBER (RLIN)
-- 213381
100 1# - MAIN ENTRY--PERSONAL NAME
Personal name Керефов, Камбулат Наурузович
245 10 - TITLE STATEMENT
Title Возделывание гороха в Кабардино-Балкарии /
Statement of responsibility, etc. К.Н. Керефов, У.З. Савкуев.
260 ## - PUBLICATION, DISTRIBUTION, ETC.
Place of publication, distribution, etc. Нальчик :
Name of publisher, distributor, etc. Эльбрус,
Date of publication, distribution, etc. 1975.
300 ## - PHYSICAL DESCRIPTION
Extent 60 с. :
Other physical details табл.
504 ## - BIBLIOGRAPHY, ETC. NOTE
Bibliography, etc. note Библиогр.: с. 59
653 0# - INDEX TERM--UNCONTROLLED
Uncontrolled term Горох - Возделывание - Кабардино-Балкария
700 1# - ADDED ENTRY--PERSONAL NAME
Personal name Савкуев, Урусбий Залимгериевич
Holdings
Withdrawn status Lost status Damaged status Not for loan Collection Home library Current library Date acquired Total checkouts Full call number Barcode Date last seen Price effective from Koha item type Public note
        General Fundamental Scientific Library Fundamental Scientific Library 28/12/2016   РI/36300 110036300 28/12/2016 28/12/2016 Գրքեր / Books 30 Days Loan


ՀՀ ԳԱԱ հիմնարար գիտական գրադարան
ՀՀ,Երևան 0019
Մարշալ Բաղրամյան 24/6
հեռախոս:(374-10) 52-47-50
Հետադարձ կապ

All site content, except where otherwise noted, is licensed under a
Creative Commons License